الجواد العربي في الفروسية وتربية الخيل وبيطرتها / (رقم التسجيلة. 33830)

تفاصيل مارك
000 -LEADER
fixed length control field 00773nam a22001817a 4500
005 - DATE AND TIME OF LATEST TRANSACTION
control field 20251108165901.0
008 - FIXED-LENGTH DATA ELEMENTS--GENERAL INFORMATION
fixed length control field 250721s1993 xx 000 0 ara d
082 14 - DEWEY DECIMAL CLASSIFICATION NUMBER
Classification number م/636.1/جوا
100 1# - MAIN ENTRY--PERSONAL NAME
Personal name التونجي، محمد
Relator term حقق
245 10 - TITLE STATEMENT
Title الجواد العربي في الفروسية وتربية الخيل وبيطرتها /
264 1# - PRODUCTION, PUBLICATION, DISTRIBUTION, MANUFACTURE, AND COPYRIGHT NOTICE
Place of production, publication, distribution, manufacture الكويت :
Name of producer, publisher, distributor, manufacturer جمعية إحياء التراث الإسلامي- مركز المخطوطات والتراث والوثائق،
Date of production, publication, distribution, manufacture, or copyright notice 1993.
300 ## - PHYSICAL DESCRIPTION
Extent 344ص
490 0# - SERIES STATEMENT
Series statement منشورات مركز المخطوطات والتراث والوثائق قسم الخيل الأصيل والفروسية وأدواتها ؛ 1
650 17 - SUBJECT ADDED ENTRY--TOPICAL TERM
Topical term or geographic name as entry element الخيل
650 17 - SUBJECT ADDED ENTRY--TOPICAL TERM
Topical term or geographic name as entry element الفروسية
942 ## - ADDED ENTRY ELEMENTS (KOHA)
Source of classification or shelving scheme Dewey Decimal Classification
Koha item type مراجع
المقتنيات
حالة السحب حالة الفقدان مصدر التصنيف حالة التلف غير قابل للإعارة المكتبة الرئيسية المكتبة الحالية موقع الرف تاريخ التزويد الرقم المتسلسل Total Checkouts رقم الإستدعاء الباركود تاريخ آخر ظهور تاريخ الفاتورة نوع المادة (كوها)
    Dewey Decimal Classification   Not For Loan المكتبة المركزية المكتبة المركزية مراجع 06/07/2004 186814   م/636.1/جوا 186814 28/07/2025 06/07/2004 مراجع
    Dewey Decimal Classification   Not For Loan مكتبة صويلح العامة مكتبة صويلح العامة مراجع 03/10/2019 0008322   م/636.1/جوا PLD00470338 28/07/2025 03/10/2019 مراجع
Implemented & Customized by: BBB with SCIT (Smart Chains for Information Technology)

Powered by Koha